Temples of Ancient Egypt : (Record no. 607189)

MARC details
000 -LEADER
fixed length control field 00503nam a2200193 a 4500
008 - FIXED-LENGTH DATA ELEMENTS--GENERAL INFORMATION
fixed length control field 260104s2005##################000#0#eng##
020 ## - INTERNATIONAL STANDARD BOOK NUMBER
ISBN 9781850439455
082 04 - DEWEY DECIMAL CLASSIFICATION NUMBER
Classification number 299.31
Item number SHA
100 1# - MAIN ENTRY--AUTHOR NAME
Personal name Arnold, Dieter,
245 10 - TITLE STATEMENT
Title Temples of Ancient Egypt :
260 ## - PUBLICATION, DISTRIBUTION, ETC. (IMPRINT)
Name of publisher I. B. Tauris,
Year of publication 2005.
300 ## - PHYSICAL DESCRIPTION
Number of Pages 335 pages
650 #0 - SUBJECT ADDED ENTRY--TOPICAL TERM
Topical Term Architecture, Ancient.
942 ## - ADDED ENTRY ELEMENTS (KOHA)
Koha item type English Books
Holdings
Withdrawn status Lost status Damaged status Not for loan Home library Current library Shelving location Date acquired Full call number Accession Number Price effective from Koha item type
        Anna Centenary Library Anna Centenary Library 3RD FLOOR, B WING 05.01.2026 299.31 SHA 214314 05.01.2026 English Books

Find us on the map